[Event "Xtracon Skakligaen"]
[Site "Denmark"]
[Date "2016.03.05"]
[Round "8.7"]
[White "Mikkelsen, Nikolaj"]
[Black "Nilsson, Lars Kjoller"]
[Result "1-0"]
[WhiteElo "2462"]
[BlackElo "1978"]
[PlyCount "51"]
[EventDate "2015.10.31"]
[EventType "team-tourn"]
[EventRounds "9"]
[EventCountry "DEN"]
[WhiteTeam "Philidor"]
[BlackTeam "Hillerod"]
[WhiteTeamCountry "DEN"]
[BlackTeamCountry "DEN"]

1. e4 e5 2. Nf3 Nc6 3. Bb5 Nge7 4. d4 Nxd4 5. Nxd4 exd4 6. Qxd4 Nc6 7. Qe3 Bb4+
8. Nc3 Qe7 9. O-O Bxc3 10. Qxc3 O-O 11. Re1 Qe5 12. Qxe5 Nxe5 13. f4 a6 14. Bf1
Nc6 15. Bd2 d6 16. Bc3 Bd7 17. Rad1 Rad8 18. Rd3 f6 19. g3 Rfe8 20. Kf2 Bc8 21.
Bg2 Nb8 22. e5 fxe5 23. fxe5 Bf5 24. Bd5+ Kh8 25. Rf3 Bc8 26. exd6 1-0

[Event "Xtracon Skakligaen"]
[Site "Denmark"]
[Date "2016.03.05"]
[Round "8.8"]
[White "Svendsen, Peter Willer"]
[Black "Bekker Jensen, Simon"]
[Result "0-1"]
[WhiteElo "1961"]
[BlackElo "2438"]
[PlyCount "64"]
[EventDate "2015.10.31"]
[EventType "team-tourn"]
[EventRounds "9"]
[EventCountry "DEN"]
[WhiteTeam "Hillerod"]
[BlackTeam "Philidor"]
[WhiteTeamCountry "DEN"]
[BlackTeamCountry "DEN"]

1. d4 Nf6 2. c4 g6 3. Nc3 Bg7 4. e4 d6 5. Nf3 O-O 6. Be2 Na6 7. O-O e5 8. dxe5
dxe5 9. Bg5 h6 10. Qxd8 Rxd8 11. Bxf6 Bxf6 12. Nd5 Kg7 13. Rfd1 Bg4 14. Kf1 c6
15. Ne3 Be6 16. Rxd8 Rxd8 17. Rd1 Nc5 18. Rxd8 Bxd8 19. Nd2 a5 20. b3 h5 21.
Ke1 Bb6 22. Bf1 f5 23. exf5 gxf5 24. g3 Kf6 25. Ng2 Na6 26. Be2 Bf7 27. Nf1 Nb4
28. a4 Nc2+ 29. Kd2 Nd4 30. Bd1 Bc5 31. Nfe3 Bb4+ 32. Kd3 e4+ 0-1

[Event "Xtracon Skakligaen"]
[Site "Denmark"]
[Date "2016.03.05"]
[Round "8.1"]
[White "Hansen, Mads Smith"]
[Black "Ochsner, Bjorn Moller"]
[Result "1-0"]
[WhiteElo "2356"]
[BlackElo "2405"]
[PlyCount "97"]
[EventDate "2015.10.31"]
[EventType "team-tourn"]
[EventRounds "9"]
[EventCountry "DEN"]
[WhiteTeam "Obro"]
[BlackTeam "AarhusSkolerne"]
[WhiteTeamCountry "DEN"]
[BlackTeamCountry "DEN"]

1. Nf3 d5 2. d4 Nf6 3. c4 e6 4. Nc3 Bb4 5. e3 O-O 6. Bd3 c5 7. O-O Nc6 8. a3
Bxc3 9. bxc3 Qc7 10. cxd5 exd5 11. h3 c4 12. Bc2 Re8 13. Nd2 Qa5 14. Bb2 Be6
15. Qf3 Rad8 16. g4 Bc8 17. Rae1 Re6 18. Qg3 Rde8 19. f4 Ne4 20. Nxe4 dxe4 21.
f5 R6e7 22. f6 Re6 23. fxg7 Rg6 24. Qf4 Qd5 25. Kh2 Rxg7 26. Rg1 Re6 27. a4 Ne7
28. Ba3 Ng6 29. Qf5 Qc6 30. d5 Qc7+ 31. Kh1 Re8 32. Qf6 Qd7 33. Rd1 Ne5 34.
Bxe4 Nxg4 35. Rxg4 Rxg4 36. hxg4 Rxe4 37. Qg5+ Kh8 38. Qf6+ Kg8 39. Qg5+ Kh8
40. Bc5 Rxg4 41. Bd4+ Rxd4 42. Rxd4 b6 43. Rd2 Qh3+ 44. Kg1 Qg4+ 45. Qxg4 Bxg4
46. Rd4 Bd7 47. Rxc4 Kg7 48. a5 Kf6 49. Rc7 1-0

[Event "Xtracon Skakligaen"]
[Site "Denmark"]
[Date "2016.03.05"]
[Round "8.2"]
[White "Skytte, Rasmus"]
[Black "Rasmussen, Casper Dahl"]
[Result "1-0"]
[WhiteElo "2413"]
[BlackElo "2314"]
[PlyCount "81"]
[EventDate "2015.10.31"]
[EventType "team-tourn"]
[EventRounds "9"]
[EventCountry "DEN"]
[WhiteTeam "AarhusSkolerne"]
[BlackTeam "Obro"]
[WhiteTeamCountry "DEN"]
[BlackTeamCountry "DEN"]

1. e4 e5 2. Bc4 Nf6 3. d3 c6 4. Nf3 Be7 5. Bb3 O-O 6. O-O d6 7. c3 Qc7 8. Re1
c5 9. Nbd2 Nc6 10. Nf1 h6 11. Nh4 Re8 12. Qf3 Na5 13. Ba4 Bd7 14. Bxd7 Nxd7 15.
Nf5 Bf8 16. N1e3 Re6 17. Nd5 Qd8 18. Qh3 Nf6 19. Re3 Nxd5 20. exd5 Rf6 21. Rg3
Rg6 22. b4 cxb4 23. cxb4 Qc7 24. Bd2 Qc2 25. Be1 Qb2 26. Rd1 Qe2 27. Ne3 Rxg3
28. hxg3 e4 29. bxa5 exd3 30. Qf5 Qxa2 31. Qxd3 b6 32. Bc3 Rc8 33. axb6 axb6
34. Bd4 Qa7 35. Qb3 Rb8 36. Qb5 Qe7 37. g4 Qe4 38. Qd3 Qe8 39. Bc3 Qa4 40. Qd4
b5 41. Nf5 1-0

[Event "Xtracon Skakligaen"]
[Site "Denmark"]
[Date "2016.03.05"]
[Round "8.3"]
[White "Jorgensen, Dennis"]
[Black "Sorensen, Jan"]
[Result "1/2-1/2"]
[WhiteElo "2237"]
[BlackElo "2435"]
[PlyCount "67"]
[EventDate "2015.10.31"]
[EventType "team-tourn"]
[EventRounds "9"]
[EventCountry "DEN"]
[WhiteTeam "Obro"]
[BlackTeam "AarhusSkolerne"]
[WhiteTeamCountry "DEN"]
[BlackTeamCountry "DEN"]

1. Nf3 Nf6 2. g3 b6 3. d4 Bb7 4. Bg2 c5 5. O-O g6 6. c4 cxd4 7. Qxd4 Bg7 8. Nc3
Nc6 9. Qf4 Rc8 10. Rb1 O-O 11. b3 Qe8 12. Qd2 d6 13. Bb2 Nb8 14. Rbc1 Nbd7 15.
Rfd1 a6 16. Ne1 Bxg2 17. Nxg2 Rc5 18. Ne3 Qb8 19. Ncd5 Re8 20. Bd4 Rcc8 21.
Nxf6+ Nxf6 22. Nd5 Nxd5 23. Bxg7 Ne3 24. Qxe3 Kxg7 25. Rd4 Rc5 26. Rh4 h5 27.
Rd1 Qb7 28. Re4 Qc7 29. Red4 Rc8 30. Re4 Re8 31. Red4 Re5 32. Re4 Rc5 33. Red4
Re5 34. Re4 1/2-1/2

[Event "Xtracon Skakligaen"]
[Site "Denmark"]
[Date "2016.03.05"]
[Round "8.4"]
[White "Christensen, Tobias Bent"]
[Black "Larsen, Karsten"]
[Result "1-0"]
[WhiteElo "2349"]
[BlackElo "2252"]
[PlyCount "91"]
[EventDate "2015.10.31"]
[EventType "team-tourn"]
[EventRounds "9"]
[EventCountry "DEN"]
[WhiteTeam "AarhusSkolerne"]
[BlackTeam "Obro"]
[WhiteTeamCountry "DEN"]
[BlackTeamCountry "DEN"]

1. e4 e5 2. Nf3 Nc6 3. d4 exd4 4. Nxd4 Bc5 5. Nxc6 Qf6 6. Qf3 bxc6 7. Nd2 d6 8.
Bd3 Qxf3 9. Nxf3 Ne7 10. O-O O-O 11. Re1 Re8 12. Bd2 Bg4 13. Nh4 Bd4 14. h3 Be6
15. c3 Bb6 16. Ba6 Bc8 17. Bxc8 Raxc8 18. a4 a6 19. g4 Rb8 20. Rab1 Kf8 21. Kg2
Ba7 22. b4 Rb7 23. Nf5 Reb8 24. e5 d5 25. e6 Nxf5 26. gxf5 c5 27. Rbc1 Re8 28.
c4 d4 29. b5 axb5 30. axb5 Bb6 31. Ra1 Ra7 32. Rxa7 Bxa7 33. Bg5 f6 34. Bf4 Bb6
35. Kf3 Ke7 36. Rg1 g6 37. Ke4 Rd8 38. h4 d3 39. Be3 d2 40. Rd1 Rd6 41. Rxd2
gxf5+ 42. Kxf5 Rxe6 43. Rd5 Kf7 44. Rd7+ Re7 45. Rxe7+ Kxe7 46. Bd2 1-0

[Event "Xtracon Skakligaen"]
[Site "Denmark"]
[Date "2016.03.05"]
[Round "8.5"]
[White "Skousen, Nikolai"]
[Black "Vinther Schou, Uffe"]
[Result "1/2-1/2"]
[WhiteElo "2225"]
[BlackElo "2374"]
[PlyCount "114"]
[EventDate "2015.10.31"]
[EventType "team-tourn"]
[EventRounds "9"]
[EventCountry "DEN"]
[WhiteTeam "Obro"]
[BlackTeam "AarhusSkolerne"]
[WhiteTeamCountry "DEN"]
[BlackTeamCountry "DEN"]

1. Nf3 c5 2. g3 Nc6 3. Bg2 g6 4. O-O Bg7 5. c4 e5 6. Nc3 Nge7 7. Ne1 O-O 8. Nc2
d6 9. Ne3 Be6 10. Ned5 Rb8 11. d3 a6 12. a4 h6 13. Rb1 f5 14. f4 Kh7 15. Bd2
Bg8 16. Kh1 a5 17. Be3 Nb4 18. fxe5 Bxe5 19. d4 cxd4 20. Bxd4 Nec6 21. Bb6 Qd7
22. Qd2 Qg7 23. Rbd1 Na6 24. e4 Be6 25. exf5 Bxf5 26. Ne3 Be6 27. Ne4 Bxb2 28.
Qxd6 Rbe8 29. Rxf8 Qxf8 30. Qxf8 Rxf8 31. Nd6 Nab4 32. Nxb7 Rb8 33. Nd8 Rxb6
34. Nxe6 Ne5 35. Nf4 Nbc6 36. Nfd5 Rb3 37. Rb1 Nd4 38. Be4 h5 39. Nc2 Ne6 40.
Nce3 Nd4 41. Nc2 Ne6 42. Nce3 Nc5 43. Bc2 Rb7 44. Kg2 Kg7 45. h3 Nc6 46. Nd1
Bd4 47. Rb5 Rf7 48. Nf4 Nb4 49. Bxg6 Rxf4 50. gxf4 Kxg6 51. Rxa5 Kf5 52. Kf3
Nc2 53. Nf2 Ne1+ 54. Ke2 Ng2 55. Kf3 Ne1+ 56. Ke2 Ng2 57. Kf3 Ne1+ 1/2-1/2

[Event "Xtracon Skakligaen"]
[Site "Denmark"]
[Date "2016.03.05"]
[Round "8.6"]
[White "Ochsner, Thomas"]
[Black "Schou Moldt, Thomas"]
[Result "1-0"]
[WhiteElo "2326"]
[BlackElo "2144"]
[PlyCount "91"]
[EventDate "2015.10.31"]
[EventType "team-tourn"]
[EventRounds "9"]
[EventCountry "DEN"]
[WhiteTeam "AarhusSkolerne"]
[BlackTeam "Obro"]
[WhiteTeamCountry "DEN"]
[BlackTeamCountry "DEN"]

1. e4 e5 2. Nf3 Nc6 3. Bc4 Be7 4. d4 d6 5. dxe5 Nxe5 6. Nxe5 dxe5 7. Qh5 g6 8.
Qxe5 Nf6 9. Bh6 Qd6 10. Qxd6 cxd6 11. Nc3 Be6 12. Bb5+ Kd8 13. O-O-O Kc7 14. f3
a6 15. Ba4 Rhd8 16. Rhe1 Nd7 17. Bb3 Rac8 18. Nd5+ Bxd5 19. Bxd5 f6 20. Be6 Rb8
21. Re3 Ne5 22. Rc3+ Nc6 23. a4 a5 24. Rd5 Ra8 25. Rb5 Ra6 26. Be3 Rb8 27. Rcb3
Bf8 28. h4 Be7 29. h5 g5 30. Rb6 Nb4 31. Rc3+ Kd8 32. Rxb7 Raa8 33. Rd7+ Ke8
34. Rcc7 Bd8 35. Rb7 Rxb7 36. Rxb7 Be7 37. h6 Kf8 38. Bf5 Nc6 39. Bxh7 Nd8 40.
Ra7 Rxa7 41. Bxa7 Nf7 42. Bg6 Nh8 43. Bf5 Bd8 44. c3 Nf7 45. h7 Kg7 46. Bd4 1-0

[Event "Xtracon Skakligaen"]
[Site "Denmark"]
[Date "2016.03.05"]
[Round "8.7"]
[White "Simonsen, Carsten"]
[Black "Rendboe, John Filip"]
[Result "1/2-1/2"]
[WhiteElo "2217"]
[BlackElo "2181"]
[PlyCount "86"]
[EventDate "2015.10.31"]
[EventType "team-tourn"]
[EventRounds "9"]
[EventCountry "DEN"]
[WhiteTeam "Obro"]
[BlackTeam "AarhusSkolerne"]
[WhiteTeamCountry "DEN"]
[BlackTeamCountry "DEN"]

1. d4 d5 2. c4 e6 3. Nc3 Be7 4. Nf3 Nf6 5. Bf4 O-O 6. e3 c5 7. dxc5 Bxc5 8. a3
b6 9. cxd5 Nxd5 10. Nxd5 exd5 11. Be2 Nc6 12. Rc1 a5 13. O-O Bb7 14. Ne5 Nxe5
15. Bxe5 Re8 16. Bd4 Bxd4 17. Qxd4 Re4 18. Qd2 Qe7 19. Bf3 Rc4 20. Bxd5 Rxc1
21. Rxc1 Bxd5 22. Qxd5 Rd8 23. Qc6 Qe6 24. Qc7 Qd5 25. g3 Qd2 26. Qc3 g6 27. b4
axb4 28. Qxd2 Rxd2 29. axb4 Rb2 30. Rc4 h5 31. h4 Kg7 32. Kg2 b5 33. Rd4 Kf6
34. Kf3 Ke5 35. g4 hxg4+ 36. Rxg4 Ke6 37. Rf4 f5 38. Rd4 Ke5 39. Kg3 Re2 40.
f4+ Ke6 41. Kf3 Rb2 42. Kg3 Re2 43. Rd3 Rb2 1/2-1/2

[Event "Xtracon Skakligaen"]
[Site "Denmark"]
[Date "2016.03.05"]
[Round "8.8"]
[White "Hagen, Kresten Skytte"]
[Black "Kaaber Hansen, Jacob"]
[Result "1/2-1/2"]
[WhiteElo "2164"]
[BlackElo "2229"]
[PlyCount "118"]
[EventDate "2015.10.31"]
[EventType "team-tourn"]
[EventRounds "9"]
[EventCountry "DEN"]
[WhiteTeam "AarhusSkolerne"]
[BlackTeam "Obro"]
[WhiteTeamCountry "DEN"]
[BlackTeamCountry "DEN"]

1. Nf3 c5 2. c4 Nc6 3. d4 cxd4 4. Nxd4 g6 5. e4 Bg7 6. Be3 Nf6 7. Nc3 Ng4 8.
Qxg4 Nxd4 9. Qd1 Ne6 10. Qd2 Qa5 11. Rc1 b6 12. Bd3 g5 13. Bb1 Bb7 14. b3 Be5
15. O-O h5 16. Rfe1 h4 17. Nd5 Qxd2 18. Bxd2 f6 19. Bb4 d6 20. Bd2 Kf7 21. Ne3
Bb2 22. Rcd1 Rac8 23. Nf5 Rc7 24. Bb4 Be5 25. Bd3 Nc5 26. Bb1 Rd7 27. f3 Rc7
28. Re2 Bc8 29. Ne3 Be6 30. Nd5 Rb7 31. Red2 a5 32. Ba3 Rc8 33. Bb2 Bxd5 34.
cxd5 Bxb2 35. Rxb2 Na6 36. Bd3 Nb4 37. a3 Nxd3 38. Rxd3 Rc1+ 39. Kf2 Rbc7 40.
Ke3 b5 41. b4 a4 42. Re2 Rh1 43. g3 hxg3 44. hxg3 Rcc1 45. Kd4 Rh3 46. g4 Rf1
47. Ree3 Rh2 48. Rc3 Rhf2 49. Red3 Ke8 50. Rc8+ Kf7 51. Rcc3 Kg6 52. Re3 Kg7
53. Red3 Kf7 54. Re3 e5+ 55. dxe6+ Kxe6 56. Red3 Re1 57. Rc6 Ref1 58. Rcc3 Rb2
59. Ke3 Re1+ 1/2-1/2

[Event "Xtracon Skakligaen"]
[Site "Denmark"]
[Date "2016.03.05"]
[Round "8.1"]
[White "Svane, Rasmus"]
[Black "Hillarp Persson, Tiger"]
[Result "1/2-1/2"]
[WhiteElo "2543"]
[BlackElo "2546"]
[PlyCount "53"]
[EventDate "2015.10.31"]
[EventType "team-tourn"]
[EventRounds "9"]
[EventCountry "DEN"]
[WhiteTeam "Skanderborg"]
[BlackTeam "Bronshoj"]
[WhiteTeamCountry "DEN"]
[BlackTeamCountry "DEN"]

1. Nf3 g6 2. c4 Bg7 3. d4 Nf6 4. Nc3 d6 5. e4 O-O 6. Be2 e5 7. Be3 Na6 8. O-O
c6 9. Qd2 Qe8 10. Rfe1 Ng4 11. Bg5 f6 12. Bh4 h5 13. h3 Nh6 14. Rad1 Nf7 15. a3
Nc7 16. b4 Ne6 17. Bg3 Bh6 18. Qc2 Nfg5 19. d5 Nxf3+ 20. Bxf3 Nd4 21. Rxd4 exd4
22. Ne2 cxd5 23. cxd5 Qe7 24. Nxd4 f5 25. e5 Qg7 26. Bh2 f4 27. e6 1/2-1/2

[Event "Xtracon Skakligaen"]
[Site "Denmark"]
[Date "2016.03.05"]
[Round "8.2"]
[White "Aabling Thomsen, Jakob"]
[Black "Semcesen, Daniel"]
[Result "0-1"]
[WhiteElo "2341"]
[BlackElo "2436"]
[PlyCount "86"]
[EventDate "2015.10.31"]
[EventType "team-tourn"]
[EventRounds "9"]
[EventCountry "DEN"]
[WhiteTeam "Bronshoj"]
[BlackTeam "Skanderborg"]
[WhiteTeamCountry "DEN"]
[BlackTeamCountry "DEN"]

1. Nf3 d6 2. e4 Nf6 3. Nc3 e5 4. d4 Nbd7 5. g4 Nxg4 6. Rg1 Ngf6 7. Bc4 h6 8.
Be3 c6 9. dxe5 dxe5 10. Qd3 b5 11. Bxf7+ Kxf7 12. Nxe5+ Nxe5 13. Qxd8 Nf3+ 14.
Kd1 Nxg1 15. Ne2 Nxe2 16. f3 b4 17. Qc7+ Be7 18. Kxe2 Ba6+ 19. Kf2 Rhc8 20. Qf4
Rd8 21. h4 Kg8 22. Rg1 Kh8 23. e5 Nd5 24. Qg3 Rg8 25. f4 Raf8 26. Rh1 Bc8 27.
Ke1 Bf5 28. Kd1 a5 29. Kc1 a4 30. Qf2 b3 31. cxb3 Nb4 32. Kd2 axb3 33. a3 Rd8+
34. Ke2 Nd3 35. Qg2 Nxb2 36. Qxc6 Nd1 37. Bc1 Bg4+ 38. Kf1 Rc8 39. Qb7 Rxc1 40.
Qxb3 Ne3+ 41. Kf2 Rxh1 42. Qxe3 Rc8 43. Qe4 Rc2+ 0-1

[Event "Xtracon Skakligaen"]
[Site "Denmark"]
[Date "2016.03.05"]
[Round "8.3"]
[White "Pedersen, Nicolai Vesterbaek"]
[Black "Hoi, Carsten"]
[Result "0-1"]
[WhiteElo "2403"]
[BlackElo "2377"]
[PlyCount "79"]
[EventDate "2015.10.31"]
[EventType "team-tourn"]
[EventRounds "9"]
[EventCountry "DEN"]
[WhiteTeam "Skanderborg"]
[BlackTeam "Bronshoj"]
[WhiteTeamCountry "DEN"]
[BlackTeamCountry "DEN"]

1. d4 Nf6 2. c4 d6 3. Nc3 g6 4. Nf3 Bg7 5. Bg5 c6 6. e3 O-O 7. Be2 Nbd7 8. O-O
h6 9. Bh4 g5 10. Bg3 Nh5 11. Nd2 Nxg3 12. hxg3 e6 13. Nde4 Qe7 14. g4 f5 15.
Ng3 f4 16. Nh5 Nf6 17. Qc2 Nxh5 18. gxh5 e5 19. dxe5 Qxe5 20. exf4 gxf4 21. Bf3
Bf5 22. Qb3 Qe7 23. Rfe1 Qf7 24. Nd5 Be5 25. c5 Kh7 26. cxd6 Bxd6 27. Rad1 Rae8
28. Ne3 Qxb3 29. axb3 Bb4 30. Nxf5 Rxe1+ 31. Rxe1 Bxe1 32. Nd6 Rd8 33. Nxb7 Rd2
34. Kf1 Bxf2 35. Bxc6 Bb6 36. b4 Rxb2 37. b5 Kg7 38. Nd6 Kf6 39. Be4 Rf2+ 40.
Ke1 0-1

[Event "Xtracon Skakligaen"]
[Site "Denmark"]
[Date "2016.03.05"]
[Round "8.4"]
[White "Pilgaard, Kim"]
[Black "Pedersen, Steffen"]
[Result "1/2-1/2"]
[WhiteElo "2383"]
[BlackElo "2406"]
[PlyCount "58"]
[EventDate "2015.10.31"]
[EventType "team-tourn"]
[EventRounds "9"]
[EventCountry "DEN"]
[WhiteTeam "Bronshoj"]
[BlackTeam "Skanderborg"]
[WhiteTeamCountry "DEN"]
[BlackTeamCountry "DEN"]

1. d4 Nf6 2. c4 e6 3. Nc3 d5 4. cxd5 exd5 5. Bg5 c6 6. e3 Be7 7. Qc2 Nbd7 8.
Bd3 Nh5 9. Bxe7 Qxe7 10. O-O-O Nb6 11. Kb1 g6 12. h3 Ng7 13. g4 Bd7 14. Nf3
O-O-O 15. Na4 Nxa4 16. Qxa4 Kb8 17. Rc1 Ne8 18. Ne5 Nd6 19. Qb4 Ka8 20. h4 f6
21. Nxd7 Rxd7 22. h5 g5 23. Rce1 h6 24. Qc5 Qd8 25. Qc2 Rf8 26. Bf5 Re7 27. Rh3
Rc7 28. Rc1 Qe7 29. Rf3 Kb8 1/2-1/2

[Event "Xtracon Skakligaen"]
[Site "Denmark"]
[Date "2016.03.05"]
[Round "8.5"]
[White "Hansen, Mads"]
[Black "Palm, Nikolaj"]
[Result "1-0"]
[WhiteElo "2310"]
[BlackElo "2347"]
[PlyCount "131"]
[EventDate "2015.10.31"]
[EventType "team-tourn"]
[EventRounds "9"]
[EventCountry "DEN"]
[WhiteTeam "Skanderborg"]
[BlackTeam "Bronshoj"]
[WhiteTeamCountry "DEN"]
[BlackTeamCountry "DEN"]

1. e4 e5 2. Nf3 Nc6 3. Bb5 a6 4. Ba4 Nf6 5. O-O Be7 6. Re1 b5 7. Bb3 d6 8. c3
O-O 9. h3 Na5 10. Bc2 c5 11. d4 Qc7 12. Nbd2 Re8 13. b3 g6 14. Nf1 Bf8 15. Bg5
Bg7 16. Qd2 Bb7 17. d5 Bc8 18. Ng3 Kh8 19. Nh2 Ng8 20. Rf1 Nb7 21. Be3 a5 22.
h4 Qe7 23. h5 Bd7 24. Rab1 b4 25. Bd3 Qf8 26. a4 bxc3 27. Qc2 Bh6 28. f4 exf4
29. Bxf4 Qg7 30. hxg6 fxg6 31. Ne2 Rf8 32. Bxh6 Nxh6 33. Qxc3 Ng4 34. Nxg4 Bxg4
35. Qxg7+ Kxg7 36. Nc3 Rxf1+ 37. Rxf1 Rf8 38. Re1 Kf6 39. Ba6 Rb8 40. e5+ dxe5
41. Ne4+ Ke7 42. Bxb7 Rxb7 43. d6+ Kd8 44. Nxc5 Rb4 45. Rxe5 Rd4 46. Nb7+ Kc8
47. Re7 Bd7 48. Nxa5 Rxd6 49. Nc4 Rd1+ 50. Kf2 Bc6 51. Rxh7 Rb1 52. Rh3 Kb8 53.
Rg3 Be4 54. Nd2 Rb2 55. Ke2 Bf5 56. Rc3 Ka7 57. Ke3 Ka6 58. g3 Ka7 59. Nf3 Rb1
60. Nd4 Bh3 61. Rc6 Re1+ 62. Kd2 Re4 63. Nb5+ Kb8 64. Rxg6 Be6 65. Nc3 Re5 66.
b4 1-0

[Event "Xtracon Skakligaen"]
[Site "Denmark"]
[Date "2016.03.05"]
[Round "8.6"]
[White "Laursen, Niels Norskov"]
[Black "Andersen, Jackie"]
[Result "0-1"]
[WhiteElo "2316"]
[BlackElo "2343"]
[PlyCount "60"]
[EventDate "2015.10.31"]
[EventType "team-tourn"]
[EventRounds "9"]
[EventCountry "DEN"]
[WhiteTeam "Bronshoj"]
[BlackTeam "Skanderborg"]
[WhiteTeamCountry "DEN"]
[BlackTeamCountry "DEN"]

1. e4 c5 2. Nf3 d6 3. d4 Nd7 4. Nc3 Ngf6 5. d5 g6 6. Be2 Bg7 7. O-O O-O 8. h3
Ne8 9. Bf4 Ne5 10. a4 h6 11. Nxe5 dxe5 12. Be3 b6 13. Qd2 Kh7 14. a5 Bd7 15.
Ra2 f5 16. exf5 gxf5 17. f4 e4 18. Rfa1 Rb8 19. Nb5 Bxb5 20. Bxb5 Nd6 21. Be2
Bf6 22. c3 Rg8 23. axb6 axb6 24. Kh1 Rg3 25. Rg1 Qg8 26. Ra7 Rd8 27. Bf2 e3 28.
Bxe3 Ne4 29. Qc1 Qxd5 30. Rd1 Nf2+ 0-1

[Event "Xtracon Skakligaen"]
[Site "Denmark"]
[Date "2016.03.05"]
[Round "8.7"]
[White "Bjerre, Jonas Buhl"]
[Black "Pedersen, Peter Brondt"]
[Result "1-0"]
[WhiteElo "2076"]
[BlackElo "2171"]
[PlyCount "103"]
[EventDate "2015.10.31"]
[EventType "team-tourn"]
[EventRounds "9"]
[EventCountry "DEN"]
[WhiteTeam "Skanderborg"]
[BlackTeam "Bronshoj"]
[WhiteTeamCountry "DEN"]
[BlackTeamCountry "DEN"]

1. e4 c5 2. Nf3 e6 3. d4 cxd4 4. Nxd4 a6 5. Bd3 Nf6 6. O-O d6 7. c4 g6 8. Nc3
Bg7 9. Nf3 O-O 10. Bf4 Nh5 11. Bg5 Qc7 12. Qd2 Nd7 13. Rad1 Re8 14. Be2 Nc5 15.
Nd4 Nf6 16. f3 Ncd7 17. Nb3 Bf8 18. f4 h6 19. Bh4 Be7 20. Bg3 Nc5 21. Nxc5
Qxc5+ 22. Kh1 Rd8 23. Qc1 b5 24. e5 Ne8 25. Bf2 Qc7 26. cxb5 axb5 27. Nxb5 Qxc1
28. Rxc1 Ba6 29. Rfd1 dxe5 30. fxe5 Bg5 31. Rxd8 Rxd8 32. Re1 Bxb5 33. Bxb5 Nc7
34. Bf1 Rd2 35. Re2 Rd1 36. Kg1 Nd5 37. Re1 Rd2 38. h4 Be7 39. Rb1 h5 40. a3
Rc2 41. Bd3 Rc8 42. Be4 Bc5 43. Bxd5 exd5 44. b4 Bxf2+ 45. Kxf2 Rc2+ 46. Ke3
Rxg2 47. b5 Rg3+ 48. Kd4 Rxa3 49. b6 Ra8 50. b7 Rb8 51. Kxd5 Kf8 52. Kd6 1-0

[Event "Xtracon Skakligaen"]
[Site "Denmark"]
[Date "2016.03.05"]
[Round "8.8"]
[White "Andersen, Soren Mikkel"]
[Black "Bjerre, Tavs"]
[Result "0-1"]
[WhiteElo "2122"]
[BlackElo "2076"]
[PlyCount "74"]
[EventDate "2015.10.31"]
[EventType "team-tourn"]
[EventRounds "9"]
[EventCountry "DEN"]
[WhiteTeam "Bronshoj"]
[BlackTeam "Skanderborg"]
[WhiteTeamCountry "DEN"]
[BlackTeamCountry "DEN"]

1. d4 Nf6 2. c4 g6 3. Nc3 Bg7 4. e4 d6 5. Nf3 O-O 6. Be2 Na6 7. O-O e5 8. Be3
Ng4 9. Bg5 Qe8 10. c5 exd4 11. Nxd4 Qe5 12. Nf3 Qxc5 13. Nd5 c6 14. Ne7+ Kh8
15. Bxa6 bxa6 16. Rc1 Qa5 17. Qxd6 Be6 18. Nxc6 Qxa2 19. h3 Nf6 20. Qd4 Nd5 21.
Qd2 Nb6 22. e5 Rfc8 23. Bf6 Nd5 24. Nb4 Qa5 25. Nxd5 Qxd2 26. Bxg7+ Kxg7 27.
Nxd2 Bxd5 28. Rxc8 Rxc8 29. Ra1 Rc2 30. Nf1 Rxb2 31. Rxa6 Rb1 32. Ra4 a6 33. f3
Bc6 34. Ra2 Bb5 35. Rf2 a5 36. g4 Rxf1+ 37. Rxf1 Bxf1 0-1

[Event "Xtracon Skakligaen"]
[Site "Denmark"]
[Date "2016.03.06"]
[Round "9.1"]
[White "Hillarp Persson, Tiger"]
[Black "Jahncke, Giso"]
[Result "1/2-1/2"]
[WhiteElo "2546"]
[BlackElo "2285"]
[PlyCount "137"]
[EventDate "2015.10.31"]
[EventType "team-tourn"]
[EventRounds "9"]
[EventCountry "DEN"]
[WhiteTeam "Bronshoj"]
[BlackTeam "Bov"]
[WhiteTeamCountry "DEN"]
[BlackTeamCountry "DEN"]

1. c4 e5 2. g3 Nf6 3. Bg2 d5 4. cxd5 Nxd5 5. Nc3 Nb6 6. e3 Be7 7. Nge2 O-O 8.
f4 exf4 9. gxf4 Nc6 10. O-O Bf5 11. d4 Qd7 12. d5 Nd8 13. Ng3 Bg4 14. Qc2 h5
15. f5 h4 16. Qe4 hxg3 17. Qxg4 gxh2+ 18. Kh1 Bd6 19. Ne4 f6 20. Rf3 Qe7 21.
Rh3 Nf7 22. Qg6 Ne5 23. Qh7+ Kf7 24. Qh5+ Kg8 25. Bd2 Qe8 26. Qh7+ Kf7 27. Rg3
Rg8 28. Bc3 Qf8 29. Qh5+ Ke7 30. Nxd6 cxd6 31. a4 Nbd7 32. Bd4 a6 33. Qe2 Rc8
34. Be4 Qd8 35. a5 Nc5 36. Bc2 Qc7 37. Kxh2 Ncd7 38. Bd1 Qc4 39. Qxc4 Rxc4 40.
b3 Rc7 41. Kg1 Nc5 42. Rc1 Ne6 43. Rxc7+ Nxc7 44. e4 Nb5 45. Bb2 Nf7 46. Be2
Ne5 47. Bxb5 axb5 48. Bxe5 dxe5 49. Kf2 b4 50. Rg1 Kd6 51. Ke2 Kc5 52. Rc1+ Kb5
53. Rc7 b6 54. axb6 Kxb6 55. Rf7 Kc5 56. Kd3 Rh8 57. Rc7+ Kb5 58. Rb7+ Kc5 59.
Rc7+ Kb5 60. Rxg7 Rh3+ 61. Ke2 Rxb3 62. Rf7 Kc5 63. Rxf6 Kd4 64. Rb6 Kxe4 65.
d6 Re3+ 66. Kd2 Rd3+ 67. Ke2 Re3+ 68. Kd2 Rd3+ 69. Ke2 1/2-1/2

[Event "Xtracon Skakligaen"]
[Site "Denmark"]
[Date "2016.03.06"]
[Round "9.2"]
[White "Schwarz, Frank"]
[Black "Aabling Thomsen, Jakob"]
[Result "0-1"]
[WhiteElo "2258"]
[BlackElo "2341"]
[PlyCount "68"]
[EventDate "2015.10.31"]
[EventType "team-tourn"]
[EventRounds "9"]
[EventCountry "DEN"]
[WhiteTeam "Bov"]
[BlackTeam "Bronshoj"]
[WhiteTeamCountry "DEN"]
[BlackTeamCountry "DEN"]

1. d4 g6 2. Bf4 Bg7 3. e3 d6 4. Nf3 Nd7 5. h3 e5 6. Bh2 Ne7 7. Be2 O-O 8. c3 b6
9. a4 a6 10. Na3 Bb7 11. Nc4 e4 12. Nfd2 d5 13. Na3 Rc8 14. b4 f5 15. Bf4 h6
16. h4 Rf7 17. Qb3 Nf8 18. O-O-O c5 19. Kb1 Ne6 20. dxc5 bxc5 21. Ndc4 cxb4 22.
cxb4 Nxf4 23. exf4 Nc6 24. Nc2 Rd7 25. N4e3 Kh8 26. h5 d4 27. Bc4 d3 28. Na1
Qf6 29. Ka2 Qe7 30. Rb1 Nd4 31. Qd1 Rxc4 32. Nxc4 Bd5 33. hxg6 Bxc4+ 34. Ka3
Nc2+ 0-1

[Event "Xtracon Skakligaen"]
[Site "Denmark"]
[Date "2016.03.06"]
[Round "9.3"]
[White "Hoi, Carsten"]
[Black "Reinecker, Kai"]
[Result "1/2-1/2"]
[WhiteElo "2377"]
[BlackElo "2246"]
[PlyCount "51"]
[EventDate "2015.10.31"]
[EventType "team-tourn"]
[EventRounds "9"]
[EventCountry "DEN"]
[WhiteTeam "Bronshoj"]
[BlackTeam "Bov"]
[WhiteTeamCountry "DEN"]
[BlackTeamCountry "DEN"]

1. d4 Nf6 2. Nf3 d5 3. e3 e6 4. c4 Be7 5. Nc3 O-O 6. Bd3 c5 7. O-O dxc4 8. Bxc4
a6 9. Qe2 b5 10. Bb3 Bb7 11. Rd1 Qc7 12. e4 cxd4 13. Nxd4 b4 14. Na4 Bxe4 15.
Bg5 Qb7 16. Bxf6 gxf6 17. Rac1 Rd8 18. Nxe6 Rxd1+ 19. Rxd1 Bg6 20. Nec5 Qc7 21.
Nd7 Nxd7 22. Qxe7 Ra7 23. h3 a5 24. h4 Kg7 25. g3 Ne5 26. Qxc7 1/2-1/2

[Event "Xtracon Skakligaen"]
[Site "Denmark"]
[Date "2016.03.06"]
[Round "9.4"]
[White "Schutte, Andreas"]
[Black "Pilgaard, Kim"]
[Result "0-1"]
[WhiteElo "2182"]
[BlackElo "2383"]
[PlyCount "42"]
[EventDate "2015.10.31"]
[EventType "team-tourn"]
[EventRounds "9"]
[EventCountry "DEN"]
[WhiteTeam "Bov"]
[BlackTeam "Bronshoj"]
[WhiteTeamCountry "DEN"]
[BlackTeamCountry "DEN"]

1. d4 d5 2. Nc3 Nf6 3. Bf4 e6 4. e3 Be7 5. Bd3 b6 6. Nf3 Bb7 7. Ne5 O-O 8. Qf3
c5 9. Ne2 Qc8 10. c3 Ba6 11. Bc2 Nbd7 12. Bg5 Qc7 13. Qg3 cxd4 14. exd4 Nxe5
15. dxe5 Ne4 16. Bxe4 Bxg5 17. Qxg5 dxe4 18. Nf4 h6 19. Qh5 Rad8 20. Rd1 Qc4
21. Qg4 Qxa2 0-1